Culture Générale - Série 501 - Statistiques

Statistiques générales
  • Ce quiz a été pris 321 fois
  • Le résultat moyen est 5 sur 10
Statistiques - réponses
Question Réponse % Correct
Combien y a-t-il d'hectogrammes dans un kilo ? 10
96%
Au restaurant, que vous sert-on si vous avez demandé du goujon ? poisson
81%
Qui chante "Pas de boogie-woogie" en 1976 ? Eddy Mitchell
78%
Complétez ces paroles d'une chanson de Michel Sardou de 1975 : "Ne m'appelez plus jamais... France
69%
Comment se prénomme le père de l'actrice Axelle Laffont ? Patrice
58%
Quelles notes de musique précédaient le mot "chanter", selon le titre d'une émission télévisée des années 1990 ? Fa si la
54%
En 1960, qui reçoit la palme d'or à Cannes sur fond de scandale pour son film "La Dolce Vita" ? Federico Fellini
36%
Complétez le titre de cette chanson de Gilbert Bécaud de 1970 : "La solitude... ça n'existe pas
28%
Quel mot provençal désigne un lutin, taquin et espiègle, doué de pouvoirs fantastiques ? farfadet
27%
Comment se prénomme "le fils maudit", selon les paroles de la chanson "La Mamma" de Charles Aznavour, en 1963 ? Giorgio
9%
Aucun quiz correspondant
Distribution des résultats
% des personnes avec chaque résultat
Percentile par nombre de réponses
Votre historique - résultats
Vous n’avez pas pris ce quiz